Dental caries : (Record no. 22704)
[ view plain ]
| 000 -LEADER | |
|---|---|
| fixed length control field | 03557cam a22003735a 4500 |
| 001 - CONTROL NUMBER | |
| control field | 18393113 |
| 005 - DATE AND TIME OF LATEST TRANSACTION | |
| control field | 20161019103820.0 |
| 008 - FIXED-LENGTH DATA ELEMENTS--GENERAL INFORMATION | |
| fixed length control field | 141201s2015 enka frb 001 0 eng d |
| 010 ## - LIBRARY OF CONGRESS CONTROL NUMBER | |
| LC control number | 2014046642 |
| 020 ## - INTERNATIONAL STANDARD BOOK NUMBER | |
| International Standard Book Number | 9781118935828 |
| 020 ## - INTERNATIONAL STANDARD BOOK NUMBER | |
| International Standard Book Number | 1118935829 |
| 035 ## - SYSTEM CONTROL NUMBER | |
| System control number | (DNLM)101647450 |
| 040 ## - CATALOGING SOURCE | |
| Original cataloging agency | DNLM/DLC |
| Language of cataloging | eng |
| Transcribing agency | DLC |
| Modifying agency | EG-ScBUE |
| 042 ## - AUTHENTICATION CODE | |
| Authentication code | pcc |
| 082 04 - DEWEY DECIMAL CLASSIFICATION NUMBER | |
| Edition number | 22 |
| Classification number | 617.67 |
| Item number | DEN |
| 245 10 - TITLE STATEMENT | |
| Title | Dental caries : |
| Remainder of title | the disease and its clinical management / |
| Statement of responsibility, etc | edited by Ole Fejerskov, Bente Nyvad, Edwina Kidd. |
| 250 ## - EDITION STATEMENT | |
| Edition statement | 3rd ed. |
| 260 ## - PUBLICATION, DISTRIBUTION, ETC. (IMPRINT) | |
| Place of publication, distribution, etc | Chichester, West Sussex, UK : |
| Name of publisher, distributor, etc | John Wiley & Sons Ltd, |
| Date of publication, distribution, etc | 2015. |
| 263 ## - PROJECTED PUBLICATION DATE | |
| Projected publication date | 1508 |
| 300 ## - PHYSICAL DESCRIPTION | |
| Extent | p. ; |
| Dimensions | cm. |
| 500 ## - GENERAL NOTE | |
| General note | Index : p. 453-466. |
| 504 ## - BIBLIOGRAPHY, ETC. NOTE | |
| Bibliography, etc | Includes bibliographical references. |
| 505 0# - FORMATTED CONTENTS NOTE | |
| Formatted contents note | pt. 1. Dental caries : what is it? and how widespread is it globally?: Prololgue / O. Fejerskov, B. Nyvad & E. A. M. Kidd -- Dental caries: what is it / O. Fejerskov, B. Nyvad & E. A. M. Kidd -- Clinical features of caries lesions / O. Fejerskov & B. Nyvad -- How big is the problem : epidemiological features of dental caries / V. Baelum & O. Fejerskov -- pt. 2. The caries lesion and its biological determinants: Pathology of dental caries / O. Fejerskov -- Saliva and caries development / A. Bardow & A. Vissink -- Biofilms in caries development / P. Marsh, N.Takahashi & B. Nyvad -- Diet and dental caries / C. van Loveren & P. Lingstrom -- Demineralization and remineralization : the key to understand clinical manifestations of dental caries / O. Fejerskov & M. Joost Larsen -- pt. 3. Diagnosis: The foundations of good diagnostic practice / V.Baelum, B. Nyvad, H.-G. Grondahl & O.Fejerskov -- Visual/tactile caries diagnosis / B. Nyvad, V. Machiulskiene, V. Soviero & V Baelum -- Additional caries detection methods / H. Hintze, A. Lussi, F. Cuisinier & B. Nyvad -- pt. 4. Controlling dental caries: The caries control concept / B. Nyvad & O. Fejerskov -- Fluorides in caries control / O. Fejerskov, J. A. Cury, L. M. Tenuta & V.C. Marinho -- The role of oral hygiene / B. Nyvad -- Are antibacterials necessary in caries prophylaxis? / A.A. Sheie , H.V. Rukke & F.C. Petersen -- The principles of caries control for the individual patient / B. Nyvad & E.A.M. Kidd -- Caries control for frail elders / M. I. MacEntee, S. R. Bryant, H. Keller, C. Nguyen & C. S. Yao -- pt. 5. Operative intervention: Classical restorative or the minimally invasive concept / E.A.M. Kidd, J. Frencken, C. Splieth, N. Opdam & B. Nyvad -- Caries 'removal' and the pulpo-dentinal complex / E.A.M. Kidd, L. Bjurndal & O. Fejerskov -- Longevity of restoration: the death spiral / V. Qvist -- Caries prevention and control in low- and midddle - income countries / W. van Palenstein Helderman, H. Benzian, B. Monse & C. Holmgren -- How accurately can we assess the risk for developing caries lesions? / H. Hausen and V. Baelum -- Caries control in low- caries populations / H. Hausen, M. Jussing & O. Fejerskov -- Controlling the global burden of dental caries : the evidence calls for a reorganization of the oral health care system / O. Fejerskov, V. Baelum, B. Nyvad & E.A.M. Kidd. |
| 590 ## - LOCAL NOTE (RLIN) | |
| Local note | Wessam |
| 650 #7 - SUBJECT ADDED ENTRY--TOPICAL TERM | |
| Topical term or geographic name as entry element | Dental Caries |
| General subdivision | diagnosis. |
| Source of heading or term | BUEsh |
| 9 (RLIN) | 41581 |
| 650 #7 - SUBJECT ADDED ENTRY--TOPICAL TERM | |
| Topical term or geographic name as entry element | Dental Caries |
| General subdivision | therapy. |
| Source of heading or term | BUEsh |
| 9 (RLIN) | 41582 |
| 650 #7 - SUBJECT ADDED ENTRY--TOPICAL TERM | |
| Topical term or geographic name as entry element | Dental Restoration, Permanent. |
| Source of heading or term | BUEsh |
| 9 (RLIN) | 32089 |
| 651 ## - SUBJECT ADDED ENTRY--GEOGRAPHIC NAME | |
| Source of heading or term | BUEsh |
| 653 ## - INDEX TERM--UNCONTROLLED | |
| Resource For college | |
| Arrived date list | October2016 |
| 700 1# - ADDED ENTRY--PERSONAL NAME | |
| Personal name | Fejerskov, Ole |
| Relator term | editor. |
| 9 (RLIN) | 41578 |
| 700 1# - ADDED ENTRY--PERSONAL NAME | |
| Personal name | Nyvad, Bente |
| Relator term | editor. |
| 9 (RLIN) | 41579 |
| 700 1# - ADDED ENTRY--PERSONAL NAME | |
| Personal name | Kidd, Edwina A. M., |
| Relator term | editor. |
| 942 ## - ADDED ENTRY ELEMENTS (KOHA) | |
| Source of classification or shelving scheme | Dewey Decimal Classification |
| Edition | 22 |
| Call number prefix | 617.67 DEN |
| Withdrawn status | Item status | Source of classification or shelving scheme | Damaged status | Not for loan | Vendor | Home library | Current library | Shelving location | Date acquired | Source of acquisition | Cost, normal purchase price | Serial Enumeration / chronology | Total Checkouts | Full call number | Barcode | Date last seen | Date last borrowed | Cost, replacement price | Koha item type |
|---|---|---|---|---|---|---|---|---|---|---|---|---|---|---|---|---|---|---|---|
| Dewey Decimal Classification | Academic Bookshop | Central Library | Central Library | First floor | 19/10/2016 | Purchase | 1150.00 | 9126 | 3 | 617.67 DEN | 000033943 | 15/07/2025 | 24/11/2019 | 1437.50 | Book - Borrowing |